Priestupky podľa zákona o ochrane nefajčiarov v územnej samospráve
Predmetom príspevku je analýza právnej úpravy priestupkov zakotvenej v zákone č. 377/2004 Z. z. o ochrane nefajčiarov a o zmene a doplnení niektorých zákonov v z. n. p., ktorá je relevantná pre územnú samosprávu. V tejto súvislosti je v prvej časti príspevku upriamená pozornosť na dôležité zákonné v...
Salvato in:
| Autore principale: | |
|---|---|
| Natura: | Capitolo di libro |
| Lingua: | slovacco |
| Soggetti: | |
| Tags: |
Nessun Tag, puoi essere il primo ad aggiungerne!!
|
MARC
| LEADER | 00000naa a2200000 4500 | ||
|---|---|---|---|
| 001 | 0290972 | ||
| 005 | 20240417075225.7 | ||
| 041 | 0 | |a slo | |
| 044 | |a SK | ||
| 245 | 1 | 0 | |a Priestupky podľa zákona o ochrane nefajčiarov v územnej samospráve |c Tomaš Lukáš |
| 520 | |a Predmetom príspevku je analýza právnej úpravy priestupkov zakotvenej v zákone č. 377/2004 Z. z. o ochrane nefajčiarov a o zmene a doplnení niektorých zákonov v z. n. p., ktorá je relevantná pre územnú samosprávu. V tejto súvislosti je v prvej časti príspevku upriamená pozornosť na dôležité zákonné východiská a v druhej časti príspevku tiež na relevantnú rozhodovaciu činnosť súdov SR. | ||
| 610 | 2 | 0 | |a priestupky |
| 610 | 2 | 0 | |a ochrana zdravia |
| 610 | 2 | 0 | |a výrobky tabakové |
| 610 | 2 | 0 | |a samospráva |
| 610 | 2 | 0 | |a úpravy právne |
| 100 | 1 | |a Lukáš, Tomaš | |